000 00568nmm a2200169Ia 4500
008 251105s9999||||xx |||||||||||||||||und||
020 _a8477337195
041 _aspa
100 _aPérez Ruiz, Aitor
245 0 _aLa participación en la ayuda oficial al desarrollo de la Unión Europea : un estudio para Aragón
264 _a[Madrid, España] :
_bPrensas Universitarias de Zaragoza,
_c2004
300 _a196 páginas
490 _aCiencias sociales
650 _aEconomics and Business
856 _uhttps://public.digitaliapublishing.com/a/2148
942 _cCF
999 _c73410
_d73410